Normal view
MARC view
Entry Personal Name
001 - CONTROL NUMBER
- control field: 26280
003 - CONTROL NUMBER IDENTIFIER
- control field:
005 - DATE AND TIME OF LATEST TRANSACTION
- control field: 20260213114825.0
008 - FIXED-LENGTH DATA ELEMENTS
- fixed length control field: 260213|| aca||aabn | a|a d
040 ## - CATALOGING SOURCE
- Original cataloging agency:
- Transcribing agency:
100 ## - HEADING--PERSONAL NAME
- Personal name: Bahlander, George
670 ## - SOURCE DATA FOUND
- Source citation: Work cat.: ()783: Snell, Scott, 2041, Human Resources Management: , 2007.